00737nam a2200241 a 4500001001300000003000900013005001700022008004100039020001000080082001300090100002300103245003400126260003700160300000800197500003500205505006700240650001700307700002300324902000800347942000700355952011600362999001700478nice12345678IN_TiNIC20260116015145.0050524s1957 newa grp 000 0 eng  ac10000a306bALP aAlpenfels, Ethel J aSense and Nonsense About Race aNew YorkbFriendship Pressc1957 a64p aincludes index and biblioraphy2 aPapers Presented at the Broumana Consultation, 12-18 July 1972 aAnthropology1 aAlpenfels, Ethel J bSRS cBK 001040708StackRoom-aHMIbHMId2007-03-30g100.00l0o306 ALPp11000029r2007-03-30v100.00w2005-05-24yBK c18540d18540